000 01048nam a22003257a 4500
001 0067315
003 KOHA_MİRAKIL
005 20260207004713.0
007 ta
008 220613b1996 tu |||gr||||#0|||1|eng |
020 _a0312115253
040 _aTR-BiSEU
_btur
_cTR-BiSEU
_erda
041 0 _aeng
044 _ctu
050 _aPE1417
_b.A94 1996
100 1 _aAxelrod, Rise B.
245 1 _aReading critically, writing well :
_ba reader and guide/
_cRise B Axelrod ; Rise B. Axelrod ; Charles R. Cooper.
250 _aFourth edition.
264 1 _aNew York :
_bSt. Martin's Press
_c1996
300 _aXXIV, 514 pages :illustrations ;
_c24 cm.
336 _ametin
_btxt
_2rdacontent
337 _aaracısız
_bn
_2rdamedia
338 _acilt
_bnc
_2rdacarrier
500 _aIncludes bibliographical references and index.
650 0 _aCollege readers.
_911880
650 0 _aAcademic writing--Problems, exercises, etc.
_9127869
650 0 _aEnglish language--Rhetoric.
_911409
907 _aDil ve Edebiyat
942 _2lcc
_cBK
999 _c67866
_d67866